000 00292nam a22001337a 4500
008 170418b xxu||||| |||| 00| 0 eng d
020 _a9780321500571
041 _aeng
080 _a573
100 _a11
101 _aSHM
245 _aGET READY FOR BIOLOGY
_cGARRET, L.K
942 _2udc
_cBK
999 _c11040
_d11040